|
|
|
|
| LEADER |
00764cam a2200205 7i4500 |
| 001 |
0000028866 |
| 005 |
20140619090000.0 |
| 020 |
# |
0 |
|a 0534930840
|
| 090 |
0 |
0 |
|a HA 29
|b L334
|
| 100 |
1 |
# |
|a Larsenm, Richard
|
| 245 |
1 |
0 |
|a Statistics for applied problem solving and decision making
|c Richard Larsen, Morris L. Marx and Bruce Cooil.
|
| 260 |
# |
# |
|a Pacific Grove, CA:
|b Duxbury Press,
|c 1997..
|
| 300 |
# |
# |
|a xiv, 861 p.:
|b ill.;
|c 25 cm..
|
| 504 |
0 |
0 |
|a Includes bibliographical references (p. 825-829) and index.
|
| 590 |
# |
# |
|a Pusat Pengajian Informatik dan Matematik Gunaan
|
| 650 |
0 |
0 |
|a Social sciences --
|x Statistical methods.
|
| 650 |
0 |
0 |
|a Decision making
|
| 700 |
1 |
1 |
|a Marx,
|h Morris L.
|
| 700 |
1 |
1 |
|a Cooil,
|h Bruce
|
| 999 |
|
|
|a 1100013169
|b Book
|c Open Shelf
|e KOLEKSI TERBUKA
|